Arogya-sampattu (Record no. 111821)

MARC details
000 -LEADER
fixed length control field 00583nam a2200205Ia 4500
003 - CONTROL NUMBER IDENTIFIER
control field OSt
005 - DATE AND TIME OF LATEST TRANSACTION
control field 20240529154602.0
008 - FIXED-LENGTH DATA ELEMENTS--GENERAL INFORMATION
fixed length control field 210210b1975 xxu||||| |||| 00| 0 eng d
040 ## - CATALOGING SOURCE
Transcribing agency AL
041 ## - LANGUAGE CODE
Language code of text/sound track or separate title Kannada
082 ## - DEWEY DECIMAL CLASSIFICATION NUMBER
Classification number 613.7K DHAA
100 ## - MAIN ENTRY--PERSONAL NAME
Personal name DHANYAKUMARA IJARI
Dates associated with a name ಧನ್ಯಕುಮಾರ ಇಜಾರಿ
9 (RLIN) 168446
245 ## - TITLE STATEMENT
Title Arogya-sampattu
Remainder of title ಅರೋಗ್ಯ ಸಂಪತ್ತು
260 ## - PUBLICATION, DISTRIBUTION, ETC.
Place of publication, distribution, etc. Dharavada
Name of publisher, distributor, etc. Samaja Pustakalaya,
Date of publication, distribution, etc. 1975
300 ## - PHYSICAL DESCRIPTION
Extent 4,187
650 ## - SUBJECT ADDED ENTRY--TOPICAL TERM
Topical term or geographic name entry element Arogya-sampattu
9 (RLIN) 168447
690 ## - LOCAL SUBJECT ADDED ENTRY--TOPICAL TERM (OCLC, RLIN)
Topical term or geographic name as entry element Health
9 (RLIN) 168448
906 ## - LOCAL DATA ELEMENT F, LDF (RLIN)
a SG00184
942 ## - ADDED ENTRY ELEMENTS (KOHA)
Source of classification or shelving scheme Dewey Decimal Classification
Koha item type Book
Holdings
Withdrawn status Lost status Damaged status Not for loan Collection code Home library Current library Shelving location Date acquired Cost, normal purchase price Total Checkouts Full call number Barcode Date last seen Price effective from Koha item type
          St Aloysius Library St Aloysius Library   02/17/2021 5.00   613.7K DHAA SG00184 02/17/2021 02/17/2021 Special Grants